Faculty of Law Library — Cairo University

Official Online Catalog

المرفق المحلي : (Record no. 44903)

MARC details
000 -LEADER
fixed length control field 01235nam a2200337 i 4500
003 - CONTROL NUMBER IDENTIFIER
control field EG-GICUC
005 - DATE AND TIME OF LATEST TRANSACTION
control field 20260122091639.0
008 - FIXED-LENGTH DATA ELEMENTS--GENERAL INFORMATION
fixed length control field 251119s1977 ua ||||f |||| 00| 0 ara d
017 ## - COPYRIGHT OR LEGAL DEPOSIT NUMBER
Copyright or legal deposit number 77/1958
020 ## - INTERNATIONAL STANDARD BOOK NUMBER
International Standard Book Number 977-306-54-4
040 ## - CATALOGING SOURCE
Original cataloging agency EG-GICUC
Language of cataloging ara
Transcribing agency EG-GICUC
Modifying agency EG-GICUC
Description conventions rda
041 ## - LANGUAGE CODE
Language code of text/sound track or separate title ara
082 04 - DEWEY DECIMAL CLASSIFICATION NUMBER
Edition number 21
Classification number 345.255
Item number م ن . م
092 04 - LOCALLY ASSIGNED DEWEY CALL NUMBER (OCLC)
Edition number 21
099 ## - LOCAL FREE-TEXT CALL NUMBER (OCLC)
Classification number Law1 07 345.255 م ن . م 1 ed- 1977
100 0# - MAIN ENTRY--PERSONAL NAME
Personal name منير ابراهيم شلبي
Relator term مؤلف.
245 12 - TITLE STATEMENT
Title المرفق المحلي :
Remainder of title دراسة مقارنة /
Statement of responsibility, etc. دكتور منير ابراهيم شلبي .
250 ## - EDITION STATEMENT
Edition statement الطبعة الأولي
264 ## - PRODUCTION, PUBLICATION, DISTRIBUTION, MANUFACTURE, AND COPYRIGHT NOTICE
Place of production, publication, distribution, manufacture القاهرة :
Name of producer, publisher, distributor, manufacturer دار الفكر العربي ,
Date of production, publication, distribution, manufacture, or copyright notice 1977.
300 ## - PHYSICAL DESCRIPTION
Extent 431 صفحة
Dimensions 24 سم
336 ## - CONTENT TYPE
Source rda content
Content type term text
337 ## - MEDIA TYPE
Source rda media
Media type term Computer
338 ## - CARRIER TYPE
Source rda carrier
Carrier type term Online Resource
504 ## - BIBLIOGRAPHY, ETC. NOTE
Bibliography, etc. note . 425-313 ببليوجرافيا: صفحات.
546 ## - LANGUAGE NOTE
Language note النص أغلبه باللغة العربية بعض النصوص الإنجليزية والفرنسية
650 1# - SUBJECT ADDED ENTRY--TOPICAL TERM
Topical term or geographic name entry element القانون الإداري
Source of heading or term qrmak
651 1# - SUBJECT ADDED ENTRY--GEOGRAPHIC NAME
Source of heading or term qrmak
856 40 - ELECTRONIC LOCATION AND ACCESS
Uniform Resource Identifier <a href="https://fll.law.cu.edu.eg/fulltext/bks/B07-00992.pdf">https://fll.law.cu.edu.eg/fulltext/bks/B07-00992.pdf</a>
905 ## - Cataloger and Reviser Names
Cataloger Name: Habiba Yahya
Revisor Name: Yara
942 ## - ADDED ENTRY ELEMENTS (KOHA)
Source of classification or shelving scheme Dewey Decimal Classification
Suppress in OPAC No
Koha item type Books
Edition 21
Holdings
Withdrawn status Lost status Source of classification or shelving scheme Damaged status Not for loan Collection Home library Current library Date acquired Total checkouts Full call number Barcode Date last seen Copy number Price effective from Koha item type
    Dewey Decimal Classification   Not for loan القانون الإداري جــــامعة القــاهرة مكتبة كلية الحقوق - المبنى الرئيسي 19.11.2025   Law1 07 345.255 م ن . م 1 ed- 1977 0700992 C1 B07-00992 19.11.2025 1 19.11.2025 Books
    Dewey Decimal Classification     القانون الإداري جــــامعة القــاهرة مكتبة كلية الحقوق - المبنى الرئيسي 28.11.2025   Law1 07 345.32 م ن . م 1 ed- 1977 0700993 C2 B07-00993 28.11.2025 2 28.11.2025 Books
    Dewey Decimal Classification     القانون الإداري جــــامعة القــاهرة مكتبة كلية الحقوق - فـرع الشيخ زايد 28.11.2025   Law2 07 345.32 م ن . م 1 ed- 1977 0700994 C3 B07-00994 28.11.2025 3 28.11.2025 Books

© All rights reserved — Faculty of Law, Cairo University